000 01317nam a2200349 a 4500
001 ebr10218257
003 CaPaEBR
006 m u
007 cr cn|||||||||
008 050609s2005 enk fsb 001 0 eng
010 _z 2005298247
015 _aGBA491139
_2bnb
016 7 _z013069436
_2Uk
020 _z0761940138 (hbk.)
020 _z0761940146 (pbk.)
040 _aCaPaEBR
_cCaPaEBR
035 _a(OCoLC)290535034
050 1 4 _aHN18.3
_b.R62 2005eb
082 0 4 _a306.3/42
_222
100 1 _aRobotham, Don.
245 1 0 _aCulture, society, and economy
_h[electronic resource] :
_bbringing production back in /
_cDon Robotham.
260 _aLondon ;
_aThousand Oaks, Calif. :
_bSage Publications,
_c2005.
300 _a189 p.
504 _aIncludes bibliographical references (p. [176]-183) and index.
533 _aElectronic reproduction.
_bPalo Alto, Calif. :
_cebrary,
_d2013.
_nAvailable via World Wide Web.
_nAccess may be limited to ebrary affiliated libraries.
650 0 _aGlobalization
_xSocial aspects.
650 0 _aCapitalism.
650 0 _aCulture and globalization.
655 7 _aElectronic books.
_2local
710 2 _aebrary, Inc.
856 4 0 _uhttp://site.ebrary.com/lib/rucke/Doc?id=10218257
_zAn electronic book accessible through the World Wide Web; click to view
999 _c129988
_d129988